| 000 | 02393nam a2200493 a 4500 | ||
|---|---|---|---|
| 003 | BLK | ||
| 005 | 20250426111707.0 | ||
| 008 | 180408b bul|||||r ||||||| ||bul|| | ||
| 020 | _a3800500121307 | ||
| 040 | _aBLK | ||
| 041 |
_aBUL _cBUL |
||
| 080 |
_aБългарска литература _b821.163.2 _x-94 _z821.163.2-94 |
||
| 080 |
_aМузикални изпълнители (инструменталисти, певци), интерпретатори, диригенти _b78.071.2 _x(497.2)(092)(093.3)(0:82-9) _z78.071.2(497.2)(092)(093.3)(0:82-9) |
||
| 080 |
_aПетрова, Лили Иванова. Българска естрадна певица _b929 Иванова, Лили _z929 Иванова, Лили |
||
| 100 |
_aИванова, Лили _d1939 - _qПетрова, Лиляна Иванова ; Петрова, Лили Иванова _9278725 |
||
| 139 |
_aИванова, Лили _bИ 22 |
||
| 245 | 1 | 0 |
_aМоят личен дневник _cЛили Иванова; ред. Валерия Велева. |
| 257 | _aBGR | ||
| 260 |
_bЛИ 1 _c2023 _9487979 _aСофия _fСофия : Ропринт |
||
| 300 |
_a580 с. _bсъс сн. _c22 см |
||
| 380 | _aX | ||
| 500 | _aПълното име на авт. е Лили Иванова Петрова. - Автограф - подпис на Лили Иванова | ||
| 590 | _aф | ||
| 600 | 0 |
_aИванова, Лили _d1939 - _qПетрова, Лиляна Иванова ; Петрова, Лили Иванова _9278725 |
|
| 650 | 4 |
_aИванова, Лили _9278725 |
|
| 650 | 4 |
_aПевци, български _9262635 |
|
| 650 | 4 |
_aМузиканти, български - мемоари, спомени, интервюта _9255674 |
|
| 650 | 4 |
_aЕстрадни изпълнители, български - спомени _9266318 |
|
| 651 | 4 |
_aБългария _9241624 |
|
| 653 | _aЛили Иванова | ||
| 653 | _aбългарски певци | ||
| 653 | _aбългарски музиканти | ||
| 653 | _aестрадни певци | ||
| 653 | _aбиографии | ||
| 653 | _aспомени | ||
| 653 | _aмемоари | ||
| 700 |
_aВелева, Валерия Венелинова _9487980 |
||
| 856 | 4 | _qpdf | |
| 856 | 4 | _qpdf | |
| 942 |
_cKNG _n0 _092 |
||
| 944 |
_k30540 _lСевдалина Тодорова |
||
| 999 |
_c492016 _d492016 |
||
| 999 | _d492016 | ||
| 999 | _d492016 | ||